[Event "21st Alekhine FIDE 2017"]
[Site "Voronezh"]
[Date "2017.06.16"]
[Round "5"]
[White "Lepaev, Andrey"]
[Black "Ponomariov, Timur"]
[Result "1-0"]
[WhiteElo "2059"]
[BlackElo "2196"]
[Annotator "TA"]
[PlyCount "129"]
[EventDate "2017.??.??"]
[EventType "swiss"]
[EventCountry "RUS"]
[SourceTitle "playchess.com"]
[Source "ChessBase"]
[SourceQuality "1"]

{[%evp 9,128,24,28,38,35,19,20,-6,9,2,8,0,0,0,0,0,0,0,24,-11,16,6,3,3,11,0,9,-14,-4,-42,-33,-49,-50,-109,-107,-100,110,108,154,135,221,218,214,187,172,172,208,201,222,177,275,275,395,383,366,357,450,448,560,549,754,695,615,598,1137,1962,1936,1912,1875,1630,1527,1293,1733,1701,1841,1859,1725,1659,1568,1596,2518,2146,1913,1814,1670,1629,4610,1854,1728,1295,3658,2735,29980,29981,29981,29982,29979,5375,4598,4133,29987,29988,29988,29989,29989,29983,29983,29983,29986,29987,29993,29994,29995,29996,29996,29997,29997,29998,29998,29999,29999]} 1. d4 d5 2. c4 c5 3. Nf3 cxd4 4. Qxd4 (4. cxd5 Qxd5 5. Nc3 Qa5 6. Nxd4 e5 7. Nb3 Qc7 8. g3 Bb4 9. Bg2 Nf6 10. Bd2 O-O 11. O-O Rd8 12. Qc1 {0-1 (49) Vallejo Pons,F (2711)-Mamedyarov,S (2768) Doha 2016}) 4... Nc6 5. Qxd5 Qxd5 6. cxd5 {D06: Queen's Gambit: Symmetrical and Baltic Defences} Nb4 {[#] And now ...Nc2+ would win.} 7. Na3 Nf6 8. d6 $146 {The position is equal.} ({Predecessor:} 8. Ne5 a6 9. f3 Nbxd5 10. e4 Nb6 11. Bf4 e6 {1-0 (36) Fauland,A (2448)-Marchiori,D (2041) Vienna 2012}) 8... exd6 (8... e5 $5) 9. Bd2 d5 10. e3 Ne4 11. Bb5+ Bd7 12. Bxd7+ Kxd7 13. Ke2 Rc8 14. Nd4 a6 15. Bxb4 Bxb4 16. Nac2 Be7 17. Rhc1 Rc4 18. Ne1 (18. f3 $5 {[%cal Rf3e4]} Ng5 19. b3 $11) 18... Rhc8 19. Nd3 {aiming for Ne5+.} Bf6 20. f3 Nd6 21. b3 (21. Rxc4 $15 Nxc4 22. Rc1) 21... Bxd4 22. exd4 Rxd4 $2 (22... Rxc1 $17 {and life is bright.} 23. Rxc1 Rxc1 24. Nxc1 Nf5) 23. Rxc8 $16 Kxc8 $17 {[%mdl 4096] Endgame KRN-KRN} 24. g4 Nb5 (24... Nc4 $16 25. Rc1 (25. bxc4 dxc4 26. Rc1 b5 $16) 25... b5) 25. Ke3 $18 Kd7 26. a4 Rxd3+ 27. Kxd3 {KR-KN} Nc7 28. Rc1 Ne6 29. Ke3 g5 (29... a5 $142 30. Rb1 Kc6) 30. b4 h6 (30... b6 {was necessary.} 31. Rh1 h6) 31. a5 f6 32. Rc2 Nc7 33. f4 {[%cal Bf3f4,Bf4f5][%mdl 32]} Ne6 34. f5 Nc7 35. Kd3 Kd6 {[#]} 36. h4 $1 {[%mdl 512]} Nb5 (36... gxh4 37. Rh2) 37. hxg5 hxg5 38. Re2 Nc7 39. Re1 Kd7 40. Rh1 Kc6 41. Rh6 Ne8 42. Rh8 Nd6 43. Rf8 Ne4 44. Kd4 Kd6 45. Rf7 Kc6 46. Re7 Nf2 47. Re6+ Kb5 48. Rb6+ (48. Rxf6 $142 Nxg4 49. Rb6+ Ka4 50. Kxd5) 48... Ka4 49. Kxd5 Nxg4 50. Ke6 Ne3 51. Kxf6 g4 52. Rxb7 g3 53. Ke6 (53. Rg7 $142 g2 54. Ke5 Nxf5 55. Kxf5 Kxb4 56. Rxg2 Kb5 57. Ra2 Kb4 58. Ke4) 53... g2 54. Rg7 Nxf5 55. Kxf5 {White mates.} Kxb4 56. Rxg2 Kxa5 {KR-KP} 57. Ke4 Kb4 58. Kd3 Kb3 59. Rg6 a5 60. Rb6+ Ka3 61. Kc3 a4 62. Ra6 Ka2 63. Rxa4+ Kb1 64. Ra3 Kc1 65. Ra1# {Precision: White = 63%, Black = 23%.} 1-0

[Event "21st Alekhine FIDE 2017"]
[Site "Voronezh"]
[Date "2017.06.16"]
[Round "5"]
[White "Kondaurov, Yury"]
[Black "Manukovsky, Vladimir"]
[Result "0-1"]
[WhiteElo "2046"]
[BlackElo "2200"]
[Annotator "NA"]
[PlyCount "136"]
[EventDate "2017.??.??"]
[EventType "swiss"]
[EventCountry "RUS"]
[SourceTitle "playchess.com"]
[Source "ChessBase"]
[SourceQuality "1"]
[TimeControl "40/5400+30:1800+30"]

{[%evp 8,136,0,11,11,6,0,11,8,3,2,13,16,17,24,-12,0,0,-11,-2,2,-13,8,8,41,17,27,20,16,-36,-27,-37,-14,-69,-46,-115,0,-14,0,-73,-35,-92,-42,-56,-41,-78,-53,-54,-47,-98,-89,-125,-104,-138,-83,-95,122,136,118,130,139,129,122,108,110,139,131,140,232,245,219,56,75,5,66,0,0,0,77,0,0,0,0,8,14,-455,-548,-666,-713,-779,-818,-1137,-742,-1057,-1108,-5143,-5783,-5195,-29975,-12835,-29979,-29988,-362,-319,-395,-361,-466,-389,-531,-420,-465,-475,-1026,-2070,-1040,-12827,-585,-12832,-12837,-2113,-1385,-12839,-12840,-5057,-5225,-5583,-12841,-12842,-12842,-4802,-12843]} 1. Nf3 {[%emt 0:00:00]} c5 {[%emt 0:00:30]} 2. g3 {[%emt 0:00:30]} Nc6 {[%emt 0:00:30]} 3. Bg2 {[%emt 0:00:30]} g6 {[%emt 0:00:30]} 4. O-O {[%emt 0:00:30]} Bg7 {[%emt 0:00:30]} 5. c4 {[%emt 0:00:30]} d6 {[%emt 0:00:30]} 6. Nc3 {[%emt 0:00:30]} e5 {[%emt 0:00:30]} 7. d3 {[%emt 0:00:30]} Nge7 {[%emt 0:00:30]} 8. a3 {[%emt 0:00:30]} O-O {[%emt 0:00:30]} 9. Rb1 {[%emt 0:00:30]} h6 {[%emt 0:08:26]} 10. b4 {[%emt 0:11:58] LiveBook: 24 Games} Rb8 {[%emt 0:03:25]} 11. bxc5 {[%emt 0:03:57] A37: Symmetrical English vs ...g6: 4 Bg2 Bg7 5 Nf3} (11. b5 $5 {[%cal Rb5c6]} Nd4 12. Bb2 $14) (11. Bd2 Be6 12. Ne1 f5 13. Qa4 f4 14. e3 g5 15. b5 Na5 16. Ne2 b6 17. exf4 gxf4 18. gxf4 Ng6 19. fxe5 dxe5 {1-0 (41) Kramnik,V (2788)-Alekseev,E (2708) Moscow 2008}) 11... dxc5 {[%emt 0:00:36]} 12. Bb2 $146 {[%emt 0:00:02]} ({Predecessor:} 12. Ne1 Be6 13. Nc2 f5 14. Ne3 Qd7 15. Ned5 b6 16. Qa4 Rbd8 17. Bb2 Kh7 18. e3 Nc8 {0-1 (31) Jurek,J (2287)-Vaculik,M (2276) Czech Republic 2016}) 12... Be6 {[%emt 0:01:41]} 13. e4 {[%emt 0:03:12]} f5 {[%emt 0:14:09]} 14. Nd5 {[%emt 0:00:52]} fxe4 {[%emt 0:11:04]} 15. dxe4 {[%emt 0:00:07]} Kh7 {[%emt 0:05:21]} 16. Qd3 {[%emt 0:01:48]} Qd7 {[%emt 0:08:53]} 17. Rbd1 {[%emt 0:01:45]} Rbd8 {[%emt 0:02:32]} 18. Qe3 {[%emt 0:01:29]} ({Better is} 18. Qc2 $11) 18... Nd4 {[%emt 0:00:57]} 19. Ne1 {[%emt 0:00:35]} b6 {[%emt 0:02:42]} 20. Kh1 {[%emt 0:00:57]} Nec6 {[%emt 0:01:51]} 21. Nd3 {[%emt 0:00:46]} (21. Bc3 $15) 21... Rf7 {[%emt 0:02:09]} (21... Na5 $17 22. Rc1 Qa4 23. Bxd4 cxd4) 22. Bc3 {[%emt 0:03:35]} Rdf8 {[%emt 0:00:15]} 23. f3 {[%emt 0:00:44]} (23. f4 $11) 23... Bh3 {[%emt 0:01:48]} 24. Ne1 {[%emt 0:01:35]} ({White should play} 24. f4 $15) 24... Bxg2+ {[%emt 0:00:37]} 25. Kxg2 {[%emt 0:00:02]} Nd8 {[%emt 0:00:58]} ({Black should play} 25... h5 $17) 26. Rd2 {[%emt 0:02:33]} N8e6 {[%emt 0:00:01]} 27. Rdf2 {[%emt 0:00:14]} Qa4 {[%emt 0:04:31]} 28. Bxd4 {[%emt 0:02:17]} cxd4 {[%emt 0:01:20]} ({Much less strong is} 28... exd4 29. Qd3 $15) ({Don't play} 28... Nxd4 $6 29. Qc3 $11) 29. Qc1 {[%emt 0:00:10]} Rc8 {[%emt 0:00:23]} 30. Rc2 {[%emt 0:00:02]} Bf8 {[%emt 0:00:22]} 31. Nd3 {[%emt 0:06:28] [#]} Bxa3 $2 {[%emt 0:00:17]} (31... Bd6 $1 $17 {and life is bright.}) 32. Ra2 {[%emt 0:00:33]} Bxc1 {[%emt 0:04:20]} 33. Rxa4 {[%emt 0:00:13]} Bd2 {[%emt 0:02:14]} 34. Nxe5 {[%emt 0:00:50]} Rb7 {[%emt 0:00:28]} 35. Rfa1 {[%emt 0:01:50]} Ba5 {[%emt 0:00:22]} 36. Nd3 {[%emt 0:01:02]} Kg7 {[%emt 0:00:25]} 37. f4 {[%emt 0:00:18]} Nc5 {[%emt 0:01:39]} (37... Rf7 $16 38. Rd1 Bc3) 38. Nxc5 {[%emt 0:00:36]} Rxc5 {[%emt 0:00:02] [#]} 39. Kf3 {[%emt 0:00:17]} ({White should play} 39. R1a3 $1 $18) 39... d3 {[%emt 0:00:42]} 40. g4 {[%emt 0:03:39]} (40. R1a3 $16) 40... Rb8 {[%emt 0:31:24]} ({Black should try} 40... d2 $11) 41. Ke3 {[%emt 0:30:51]} d2 {[%emt 0:00:07]} 42. Kd4 {[%emt 0:00:21]} Kf7 {[%emt 0:00:37]} (42... Rh8 $11) 43. f5 {[%emt 0:00:59]} (43. Rd1 $16) 43... Rd8 {[%emt 0:00:29]} 44. Rd1 {[%emt 0:03:09]} gxf5 {[%emt 0:01:50]} 45. gxf5 {[%emt 0:00:19]} Rg8 {[%emt 0:00:10]} 46. e5 $2 {[%emt 0:03:48]} (46. Ra3 $11 {and White is okay.}) 46... Rg4+ {[%emt 0:00:28]} 47. Kd3 {[%emt 0:00:02] [#]} Rxd5+ $1 {[%emt 0:00:23]} 48. cxd5 {[%emt 0:00:08]} Rxa4 {[%emt 0:00:02]} 49. f6 {[%emt 0:01:39]} Ra3+ {[%emt 0:01:54]} 50. Ke4 {[%emt 0:04:47]} Bc3 {[%emt 0:00:10]} 51. Kf5 {[%emt 0:01:17]} Ra1 {[%emt 0:02:25]} 52. e6+ {[%emt 0:00:03]} Kf8 {[%emt 0:01:57]} 53. e7+ {[%emt 0:02:51]} Kf7 {[%emt 0:03:17]} 54. d6 {[%emt 0:00:46]} Bxf6 $2 {[%emt 0:02:02]} (54... Rxd1 {mates} 55. d7 Rf1+ 56. Ke4 Re1+ 57. Kf4 d1=Q 58. e8=Q+ Rxe8 59. dxe8=N Kxe8 60. Kg3 Kf7 61. Kf2 Bd4+ 62. Kg3 h5 63. h3 Kxf6 64. Kg2 h4 65. Kh2 Qg1#) 55. Rxd2 {[%emt 0:01:58] [#]} Bxe7 $1 {[%emt 0:00:29]} 56. dxe7 {[%emt 0:00:13]} Ra5+ {[%emt 0:00:02]} 57. Ke4 {[%emt 0:01:08]} Kxe7 {[%emt 0:00:04]} 58. Kd4 {[%emt 0:00:40]} Kd6 {[%emt 0:00:18]} 59. Rg2 {[%emt 0:00:35]} Ra4+ {[%emt 0:00:09]} 60. Kc3 {[%emt 0:00:01]} Rh4 {[%emt 0:00:18]} 61. Kb3 {[%emt 0:00:14]} a5 {[%emt 0:00:12]} 62. Rc2 {[%emt 0:00:40]} b5 {[%emt 0:00:09]} 63. Ka3 {[%emt 0:00:20]} Rh3+ {[%emt 0:00:08]} 64. Kb2 {[%emt 0:00:03]} a4 {[%emt 0:00:08]} 65. Rf2 {[%emt 0:00:10]} Kc5 {[%emt 0:00:07]} 66. Rf5+ {[%emt 0:00:21]} Kb4 {[%emt 0:00:09]} 67. Rf2 {[%emt 0:00:43]} a3+ {[%emt 0:00:12]} 68. Ka2 {[%emt 0:00:02]} Ka4 $19 {[%emt 0:00:08]} 0-1

[Event "21st Alekhine FIDE 2017"]
[Site "Voronezh"]
[Date "2017.06.16"]
[Round "5"]
[White "Filippov, Ivan"]
[Black "Filippov, Vladimir"]
[Result "1/2-1/2"]
[WhiteElo "2041"]
[BlackElo "1882"]
[Annotator "NA RC"]
[PlyCount "41"]
[EventDate "2017.??.??"]
[EventType "swiss"]
[EventCountry "RUS"]
[SourceTitle "playchess.com"]
[Source "ChessBase"]
[SourceQuality "1"]
[TimeControl "40/5400+30:1800+30"]

{[%evp 8,41,54,56,87,32767,64,64,81,55,70,63,85,87,89,100,102,21,111,83,114,76,104,89,118,106,131,112,106,0,141,110,128,72,136,162]} 1. d4 {[%emt 0:00:00]} d6 {[%emt 0:00:08]} 2. Nf3 {[%emt 0:00:36]} Nf6 {[%emt 0:00:07]} 3. c4 {[%emt 0:00:22]} Nbd7 {[%emt 0:00:17]} 4. Nc3 {[%emt 0:01:04]} e5 {[%emt 0:00:36]} 5. e4 {[%emt 0:01:44]} c6 {[%emt 0:00:20]} 6. Be2 {[%emt 0:01:46]} Be7 {[%emt 0:03:17]} 7. O-O {[%emt 0:00:40]} O-O {[%emt 0:00:54] LiveBook: 2282 Games} 8. Qc2 {[%emt 0:01:30]} Qc7 {[%emt 0:01:55]} 9. h3 {[%emt 0:02:25] A55: Old Indian Defence with Nf3 and e4} (9. Be3 Re8 10. h3 Nf8 11. Rfe1 Ng6 12. Rad1 a6 13. a3 Rb8 14. Bf1 b6 15. b4 Bd7 16. c5 bxc5 17. dxc5 dxc5 18. bxc5 Qa5 {1-0 (68) Ponomariov,R (2743)-Dubov,D (2638) Khanty-Mansiysk 2013}) 9... Ne8 {[%emt 0:04:35]} 10. Be3 {[%emt 0:01:43]} g6 {[%emt 0:00:54]} 11. d5 $146 {[%emt 0:12:46]} ({Predecessor:} 11. Rad1 Ng7 12. b4 Re8 13. d5 Bf8 14. Bd3 Nh5 15. Rfe1 Nhf6 16. Rc1 cxd5 17. cxd5 {1-0 (39) Kovalenko,S (2205)-Filippov,V (2042) Voronezh 2007}) 11... Ng7 {[%emt 0:01:21]} 12. Bg5 {[%emt 0:01:46]} (12. Qd2 $16) 12... Nf6 {[%emt 0:04:20]} (12... Bxg5 $14 13. Nxg5 Nf6) 13. a4 {[%emt 0:03:38]} Ngh5 {[%emt 0:06:45]} 14. Bh6 {[%emt 0:03:28]} Ng7 {[%emt 0:02:36]} 15. Nd2 {[%emt 0:01:17]} Nd7 {[%emt 0:09:13]} 16. a5 {[%emt 0:03:15]} a6 $1 {[%emt 0:03:11]} 17. Bg4 {[%emt 0:02:43]} Nf6 {[%emt 0:03:20]} 18. Be2 {[%emt 0:00:09]} (18. Bf3 $16) 18... Nd7 {[%emt 0:00:24]} 19. b4 {[%emt 0:04:28]} c5 {[%emt 0:03:20]} 20. b5 {[%emt 0:11:23]} axb5 {[%emt 0:02:34]} ({Black should play} 20... Qd8 $14) 21. cxb5 $18 {[%emt 0:00:39]} 1/2-1/2

[Event "21st Alekhine FIDE 2017"]
[Site "Voronezh"]
[Date "2017.06.16"]
[Round "5"]
[White "Arbuzov, Mikhail"]
[Black "Mezhov, Dmitriy"]
[Result "0-1"]
[WhiteElo "2022"]
[BlackElo "1809"]
[Annotator "NA RC"]
[PlyCount "94"]
[EventDate "2017.??.??"]
[EventType "swiss"]
[EventCountry "RUS"]
[SourceTitle "playchess.com"]
[Source "ChessBase"]
[SourceQuality "1"]
[TimeControl "40/5400+30:1800+30"]

{[%evp 8,94,27,25,83,81,100,70,75,43,187,116,114,74,506,102,458,316,489,563,825,888,887,-465,-492,-465,-463,-500,-585,32767,-618,-584,-218,-248,-229,-183,0,-5,0,32767,32767,32767,0,-200,-319,-289,32767,-295,-306,-311,-319,-341,-331,32767,32767,32767,32767,-372,-377,-377,-274,-265,-250,32767,32767,-359,-345,-409,-433,-428,-426,-632,-662,-1685,-4134,-1876,-2149,-1571,-5061,-655,-957,-12840,-5492,-5712,-12841,-12846,-12847,32767,-29999]} 1. d4 {[%emt 0:00:00]} f5 {[%emt 0:00:06]} 2. Nc3 {[%emt 0:01:49]} Nf6 {[%emt 0:00:21]} 3. Bg5 {[%emt 0:00:08]} d5 {[%emt 0:05:59]} 4. f3 {[%emt 0:13:49]} Nbd7 {[%emt 0:06:48]} 5. Nh3 {[%emt 0:11:25]} (5. e4 $5) 5... e6 {[%emt 0:13:42]} (5... c6 $11) 6. e4 {[%emt 0:23:51]} fxe4 {[%emt 0:14:51]} 7. fxe4 {[%emt 0:02:06]} dxe4 {[%emt 0:00:04]} 8. Nf4 {[%emt 0:14:15]} Qe7 {[%emt 0:06:42] [#]} ({Better is} 8... Bd6 $1 $14) 9. Nxe4 $1 {[%emt 0:05:52]} Qf7 {[%emt 0:00:06]} 10. Bd3 {[%emt 0:06:03]} (10. Qf3 $142) 10... e5 $2 {[%emt 0:09:00]} (10... Nxe4 $1 $14 11. Bxe4 Be7) 11. Bxf6 $2 {[%emt 0:08:11]} (11. Qe2 $18) 11... gxf6 $4 {[%emt 0:00:19]} (11... Nxf6 $16 12. Nxf6+ gxf6) 12. Nh5 {[%emt 0:01:27]} Be7 {[%emt 0:09:10]} (12... Kd8 $142 13. O-O Qd5 14. Nhxf6 Nxf6) 13. O-O {[%emt 0:00:42]} f5 {[%emt 0:00:00] [#]} (13... O-O $142 14. Nhxf6+ Bxf6 15. dxe5 Kh8 16. exf6 Qg6) 14. Rxf5 $1 {[%emt 0:00:22]} Qd5 {[%emt 0:01:38]} 15. Rxe5 $4 {[%emt 0:01:44]} (15. Kh1 $18 {and all is fine.}) 15... Qxd4+ {[%emt 0:00:21]} 16. Kh1 {[%emt 0:01:54]} Qxe5 {[%emt 0:00:27]} 17. Qg4 {[%emt 0:00:40]} Nc5 {[%emt 0:03:51]} 18. Qe2 {[%emt 0:04:10]} Nxd3 {[%emt 0:05:55]} 19. cxd3 {[%emt 0:00:31]} Be6 $2 {[%emt 0:00:21]} (19... O-O 20. g3 b6) 20. d4 {[%emt 0:00:22]} Qxd4 {[%emt 0:05:28]} 21. Nef6+ {[%emt 0:00:32]} Kf7 $2 {[%emt 0:00:28]} (21... Bxf6 $19 22. Qxe6+ Be7) 22. Rf1 $1 {[%emt 0:00:30] [#]} Bxf6 {[%emt 0:00:05]} (22... Raf8 $1 $17 23. Nd5+ Ke8 24. Nxc7+ Kd7 25. Qxe6+ Kxc7 26. Qxe7+ Kb6 27. Qe6+ Ka5) 23. Rxf6+ {[%emt 0:00:17]} Qxf6 {[%emt 0:00:02]} 24. Nxf6 {[%emt 0:00:07]} Kxf6 {[%emt 0:00:04]} 25. Qf3+ $2 {[%emt 0:00:10]} (25. Qf2+ $11 {and White stays safe.} Ke7 26. Qh4+ Kf7 27. Qf4+ Kg6 28. Qg3+ Kf6 29. Qh4+ Kf5 30. Qf2+ Kg5 31. Qe3+ Kf6 32. Qf4+ Kg6 33. Qg3+ Kf7 34. Qf4+ Kg6) 25... Ke7 {[%emt 0:01:07]} 26. Qxb7 {[%emt 0:00:14]} Kd7 {[%emt 0:01:17]} 27. Qb5+ {[%emt 0:00:26]} c6 {[%emt 0:00:01]} 28. Qb7+ {[%emt 0:00:09]} Kd6 {[%emt 0:00:07]} 29. Qb4+ {[%emt 0:00:16]} Kc7 {[%emt 0:00:25]} 30. Qe7+ {[%emt 0:00:43]} Bd7 {[%emt 0:00:06]} 31. Qe5+ {[%emt 0:00:15]} Kb7 {[%emt 0:00:05]} 32. h3 {[%emt 0:00:58]} Rae8 {[%emt 0:01:12]} 33. Qg7 {[%emt 0:00:12]} Kc8 {[%emt 0:00:12]} 34. Qd4 {[%emt 0:00:30]} Be6 {[%emt 0:02:22]} 35. Qxa7 {[%emt 0:00:51]} Bd5 {[%emt 0:00:05]} 36. Kh2 $2 {[%emt 0:00:21]} (36. Qa8+ Kd7 37. Qa7+ Kd6 38. Qa3+ c5 39. Qa6+ Bc6 40. Qd3+ Kc7 41. Qg3+ Kc8 42. Qd6) 36... Rhg8 {[%emt 0:00:18]} 37. g4 {[%emt 0:00:32]} Re2+ {[%emt 0:01:49]} 38. Kg3 {[%emt 0:00:05]} Rxb2 {[%emt 0:00:08]} 39. a4 {[%emt 0:02:16]} (39. Qxh7 $142 Rg2+ 40. Kf4) 39... h5 {[%emt 0:00:40]} 40. Qa6+ {[%emt 0:00:39]} Kc7 {[%emt 0:30:12]} 41. Qa7+ {[%emt 0:30:27]} Rb7 {[%emt 0:00:39]} 42. Qc5 {[%emt 0:00:36]} Rb3+ {[%emt 0:00:34]} 43. Kh4 {[%emt 0:00:28]} hxg4 {[%emt 0:00:50]} 44. hxg4 {[%emt 0:00:16]} Rb2 {[%emt 0:01:17]} (44... Be6 $142 45. Qa7+ Rb7 46. Qa5+ Kd7 47. Qd2+ Ke7 48. Kg3 Rxg4+ 49. Kf2 Rxa4 50. Qg5+ Ke8 51. Qh6 Rf7+ 52. Ke2 Kd7 53. Kd2 Rf2+ 54. Ke1 Rg2 55. Kf1 Rag4 56. Qe3 Bc4+ 57. Ke1 Re2+ 58. Qxe2 Bxe2 59. Kd2 c5 60. Ke3 c4 61. Kxe2 Rd4 62. Kf3 c3 63. Ke3 Rd5 64. Ke4 Ke6 65. Kf3 c2 66. Kg4 c1=Q 67. Kg3 Rd3+ 68. Kg4 Kf6 69. Kh5 Qg5#) 45. Qe7+ {[%emt 0:00:27]} Kc8 {[%emt 0:00:04]} 46. g5 {[%emt 0:00:50]} Rg2 {[%emt 0:00:43]} 47. a5 {[%emt 0:00:23]} Rh8+ {[%emt 0:00:09]} 0-1

[Event "21st Alekhine FIDE 2017"]
[Site "Voronezh"]
[Date "2017.06.16"]
[Round "5"]
[White "Malinin, Sergey"]
[Black "Provkin, Vladimir"]
[Result "0-1"]
[WhiteElo "1953"]
[BlackElo "2163"]
[Annotator "TA"]
[PlyCount "86"]
[EventDate "2017.??.??"]
[EventType "swiss"]
[EventCountry "RUS"]
[SourceTitle "playchess.com"]
[Source "ChessBase"]
[SourceQuality "1"]

{[%evp 32,86,47,42,40,29,29,0,0,0,71,45,35,38,49,44,77,-10,-5,-52,-16,-16,-16,-26,-16,-17,-6,-33,-18,-9,0,0,0,0,0,0,0,0,-17,-437,-439,-846,-890,-1076,-1094,-995,-924,-871,-833,-1433,-773,-1089,-1085,-1060,-1046,-29986,-29987]} 1. d4 Nf6 2. c4 g6 3. Nc3 Bg7 4. e4 d6 5. f4 O-O 6. Nf3 c5 7. dxc5 Qa5 8. Bd3 Qxc5 9. Qe2 Bg4 10. Be3 Qa5 11. O-O Nc6 12. Rac1 Nd7 13. Qf2 Nc5 14. Bb1 Bxf3 15. gxf3 Na4 16. Nxa4 {E76: King's Indian: Four Pawns Attack: Lines specific to 6 Nf3 move-order} Qxa4 17. Rfd1 {[%cal Bf1d1,Bd1d5,Bd5g5,Bg5g2][%mdl 32] LiveBook: 16 Games} Qa5 (17... b6 18. Kh1 Rac8 19. b3 Qa3 20. Rc2 Nb4 21. Re2 Qa5 22. f5 Rc7 23. h4 b5 {½-½ (36) Karacsony,Z (2590)-Blanco Gramajo,C (2594) ICCF email 2006}) 18. Rd5 {White is slightly better.} Qc7 19. Rg5 e5 20. f5 Bf6 (20... Bh6 $11 {remains equal.}) 21. Rg2 Kh8 22. Kh1 Rg8 23. Rcg1 Qe7 24. fxg6 ({Better is} 24. Qg3 $16) 24... Rxg6 $11 25. Rxg6 fxg6 (25... hxg6 {looks sharper.} 26. Bd3 Kg7 27. Bf1 Rh8 28. Bxa7 Bh4) 26. a3 $146 b6 27. Rd1 Nd8 28. Qd2 Nf7 29. Qd5 Rf8 30. b4 Qd7 {aiming for ...Qh3.} 31. Kg2 Qe7 32. Ba2 Bg5 33. Bf2 Bf4 {White must now prevent ...Qg5+.} 34. h4 g5 $1 {[%cal Rg5h4,Bg6g5,Bg5g4][%mdl 32]} 35. h5 $2 {[%mdl 8192] [#]} (35. c5 $1 $11 {and White is okay.} gxh4 36. cxb6 (36. cxd6 Qg5+ 37. Kh1 Be3 $11) 36... axb6 37. Kh1) 35... g4 $1 $19 {[%cal Rg4f3][%mdl 512]} 36. fxg4 (36. c5 $142 Qg5 37. Qxf7 Rxf7 38. Bxf7) 36... Qd7 37. Rg1 Qxg4+ 38. Kf1 Qh3+ 39. Ke2 Qxh5+ 40. Ke1 Qf3 41. c5 Be3 42. Rf1 Ng5 43. Qxd6 Bxf2+ {Precision: White = 32%, Black = 71%.} 0-1

[Event "21st Alekhine FIDE 2017"]
[Site "Voronezh"]
[Date "2017.06.16"]
[Round "5"]
[White "Rozmanov, Aleksandr"]
[Black "Palin, Denis"]
[Result "1/2-1/2"]
[WhiteElo "1928"]
[BlackElo "2158"]
[Annotator "TA"]
[PlyCount "113"]
[EventDate "2017.??.??"]
[EventType "swiss"]
[EventCountry "RUS"]
[SourceTitle "playchess.com"]
[Source "ChessBase"]
[SourceQuality "1"]

{[%evp 11,113,8,18,20,13,43,47,51,41,42,45,15,51,50,40,13,49,48,56,35,41,26,35,17,14,25,27,10,15,0,8,14,27,30,34,29,14,-15,-15,-15,-16,-17,-17,-17,-15,-16,-16,-16,-15,-15,-15,-16,-13,-20,-12,-20,-20,-20,-16,-13,-16,-20,-20,-20,-20,-20,-20,-35,-35,-35,-35,-44,-44,-44,-44,-44,-44,-62,-42,-44,-36,-44,-43,-44,-44,-63,-62,-62,-62,-62,-62,-62,-62,-62,-62,-62,-62,-62,-62,-62,-62,-62,-62,-62]} 1. e4 e6 2. d4 d5 3. Nc3 dxe4 4. Nxe4 Nd7 5. Bd3 Ngf6 6. Qe2 c5 7. Nxf6+ {C10: French with 3 Nc3: Unusual Black 3rd moves and 3...dxe4} Nxf6 8. dxc5 Qa5+ (8... Bxc5 9. Nf3 Qc7 10. O-O O-O {½-½ (10) Stukopin,A (2587)-Nyzhnyk,I (2628) Phoenix 2015}) 9. c3 {White is slightly better.} Qxc5 10. Nf3 Be7 11. Bf4 $146 ({Predecessor:} 11. Be3 Qc7 12. O-O-O Bd7 13. Kb1 O-O 14. Bd4 b5 15. Be5 Qb7 16. Bxf6 Bxf6 17. Bxh7+ Kxh7 {½-½ (30) Talla,V (2436)-Karas,M (2283) Senica 2017}) 11... Bd7 12. O-O O-O 13. Rad1 Bc6 (13... Ba4 $5 {[%cal Ra4d1]}) 14. Ne5 Rad8 15. Nxc6 (15. Rfe1 {feels hotter.} h6 16. Qc2 Bb5 17. c4 Bc6 18. a3) 15... Qxc6 16. h3 Rd5 17. c4 Rd7 18. Bb1 Rfd8 19. b3 Bd6 20. Bg5 Qc5 21. Bc1 Qh5 22. Qxh5 Nxh5 23. Bc2 Nf4 24. Bxf4 Bxf4 25. Rxd7 Rxd7 26. Rd1 Rxd1+ 27. Bxd1 $11 {[%mdl 4096] Endgame KB-KB} Bd6 28. Bf3 b6 29. Kf1 Kf8 30. Ke2 Ke7 31. Bb7 Ba3 32. Kd3 a5 33. f4 Bd6 34. Ke4 f5+ 35. Kf3 Kf6 36. g4 h6 37. Bc8 g5 38. fxg5+ hxg5 39. gxf5 exf5 {Black is slightly better.} 40. Bd7 Ke5 41. Bc8 f4 42. Kg4 Be7 43. Bd7 Kd4 44. Ba4 Ke3 45. Bc6 Ke2 46. Bf3+ Kd3 47. Bc6 Kc3 48. Ba4 Kb2 49. h4 gxh4 {aiming for ...Bd6.} 50. Kxf4 Kxa2 51. Kg4 Ka3 52. Kh3 Kb4 53. Kg4 Kc3 (53... Bg5 $5) 54. Kh3 Kd3 55. Kg4 Ke3 56. Kh3 Kf2 57. Be8 {Precision: White = 55%, Black = 68%.} 1/2-1/2